La dama de la vela /

Guardado en:
Bibliografiske detaljer
Hovedforfatter: Morales Parra, Fernando (realización)
Autores corporativos: Reunión Nacional de la Red de Televisión y Video de las Instituciones de Educación Superior, Muestra Nacional de Televisión y Video de las Instituciones de Educación Superior
Andre forfattere: Izaguirre Viruez, Amado (guión) (guión), Delfín, Sergio (fotógrafo) (fotógrafo), Delfín, Sergio (montaje) (montaje), Beverido Duhalt, Francisco (actuación) (actuación), Beristáin, Carmen (actuación) (actuación), Ramírez, Jeniffer (actuación) (actuación)
Format: Procedimiento de la conferencia Slide
Sprog:spansk
Serier:(Muestra Nacional de Televisión y Video de las Instituciones de Educación Superior ; Categoría Ficción y/o Experimental) 2010.
(Muestra Nacional de Televisión y Video de las Instituciones de Educación Superior ; UV) 2010.
Fag:
Tags: Tilføj Tag
Ingen Tags, Vær først til at tagge denne postø!

MARC

LEADER 00000ngm^a2200000^a^4500
001 000341754
005 20250521000000.0
009 20260310114533.352
037 |a Acervo ITESO - Biblioteca 
041 |a ESP 
082 |a 302. 234420972  |b REU MUE 2010 V. 46 
100 |a Morales Parra, Fernando  |e (realización) 
240 1 1 |a [Cuentos y leyendas de Veracruz: Xico] 
240 1 1 |a [Cuentos y leyendas de Veracruz] 
240 1 1 |a [Muestra Nacional de Televisión y Video de las Instituciones de Educación Superior 2010: producciones de la categoría ficción y/o experimental] 
240 1 1 |a [Muestra Nacional de Televisión y Video de las Instituciones de Educación Superior 2010: producciones de la UV] 
240 1 1 |a [Muestra Nacional de Televisión y Video de las Instituciones de Educación Superior 2010] 
240 1 1 |a [Muestra Nacional de Televisión y Video de las Instituciones de Educación Superior: producciones de la categoría ficción y/o experimental] 
240 1 1 |a [Muestra Nacional de Televisión y Video de las Instituciones de Educación Superior: producciones de la UV] 
240 1 1 |a [Muestra Nacional de Televisión y Video de las Instituciones de Educación Superior] 
245 1 3 |a La dama de la vela /  |c Realización de F. Morales Parra. 
246 2 |a Título en la pantalla: Cuentos y leyendas de Veracruz: Xico: La dama de la vela 
264 |a Jalapa, México :  |b Universidad Veracruzana, Televisión Universitaria ;  |a Xico, México :  |b Ayuntamiento de Xico,  |c 2009 
264 |a México :  |b ANUIES [distribución],  |c 2010 
300 |a 1 DVD sin dato de región  |c (41 min.) 
336 |a imagen móvil bidimensional  |b tdi  |2 rdacontenido 
337 |a video  |b v  |2 rdamedio 
338 |a videodisco  |b vd  |2 rdasoporte 
440 1 |a (Muestra Nacional de Televisión y Video de las Instituciones de Educación Superior ;  |v 2010.  |p Categoría Ficción y/o Experimental) 
440 1 |a (Muestra Nacional de Televisión y Video de las Instituciones de Educación Superior ;  |v 2010.  |p UV) 
649 |a XX 
650 |a Mujeres en la Televisión 
650 |a Políticos Mexicanos 
650 |a Series de Televisión 
650 |a Televisión -  |z México -  |y 2000-2009 
650 |a Televisión -  |z México -  |y Siglo XXI 
650 |a Leyendas -  |z Xico, Veracruz 
650 |a Leyendas Veracruzanas -  |x Adaptaciones para Televisión 
650 |a Leyendas Mexicanas -  |x Adaptaciones para Televisión 
650 |a Literatura Veracruzana -  |y Siglo XIX -  |x Adaptaciones para Televisión 
650 |a Literatura Mexicana -  |y Siglo XIX -  |x Adaptaciones para Televisión 
650 |a Literatura y Televisión 
650 |a Xico, Veracruz en la Televisión 
650 |a Xico, Veracruz -  |x Historia -  |y Centralismo, 1835-1846 -  |x Tema Principal 
650 |a Xico, Veracruz -  |x Historia -  |y Federalismo y Centralismo, 1824-1853 
650 |a Xico, Veracruz -  |x Historia -  |y Siglo XIX 
650 |a Veracruz -  |x Historia -  |y Centralismo, 1835-1846 
650 |a Veracruz -  |x Historia -  |y Federalismo y Centralismo, 1824-1853 
650 |a Veracruz -  |x Historia -  |y Siglo XIX 
650 |a México -  |x Historia -  |y Centralismo, 1835-1846 
650 |a México -  |x Historia -  |y Federalismo y Centralismo, 1824-1853 
650 |a México -  |x Historia -  |y Siglo XIX 
650 |a Santa-Anna, Antonio López de 
711 |a Reunión Nacional de la Red de Televisión y Video de las Instituciones de Educación Superior (  |n 16a :  |d 2010 :  |c Universidad Juárez Autónoma de Tabasco) 
711 |a Muestra Nacional de Televisión y Video de las Instituciones de Educación Superior (  |n 12a :  |d 2010 :  |c Universidad Juárez Autónoma de Tabasco) 
700 |a Izaguirre Viruez, Amado  |e (guión) 
700 |a Delfín, Sergio  |e (fotógrafo) 
700 |a Delfín, Sergio  |e (montaje) 
700 |a Beverido Duhalt, Francisco  |e (actuación) 
700 |a Beristáin, Carmen  |e (actuación) 
700 |a Ramírez, Jeniffer  |e (actuación) 
910 |a Fondo General 
920 |a Audiovisuales - DVDs 
905 |a 302 
901 |a 0500231418  |b IT2  |c DVS  |i D63094  |u 20250521 
902 |a https://opac.biblio.iteso.mx/vufind/Record/000341754